Исследование способа крепления датчика вибрации на постоянный магнит; Ресурсоэффективные системы в управлении и контроле: взгляд в будущее; Ч. 1

Detalhes bibliográficos
Parent link:Ресурсоэффективные системы в управлении и контроле: взгляд в будущее: сборник научных трудов III Международной конференции школьников, студентов, аспирантов, молодых ученых, 06 - 11 октября 2014 г./ Национальный исследовательский Томский политехнический университет (ТПУ).— , 2014
Ч. 1.— 2014.— [С. 270-274]
Autor principal: Чесноков Д. В.
Autor Corporativo: Национальный исследовательский Томский политехнический университет (ТПУ) Институт неразрушающего контроля (ИНК) Кафедра физических методов и приборов контроля качества (ФМПК)
Outros Autores: Калиниченко Н. П. Николай Петрович (научный руководитель)
Resumo:Заглавие с титульного экрана
Idioma:russo
Publicado em: 2014
coleção:Современные технологии в неразрушающем контроле
Assuntos:
Acesso em linha:http://www.lib.tpu.ru/fulltext/c/2014/C47/V1/074.pdf
Formato: MixedMaterials Recurso Eletrônico Capítulo de Livro
KOHA link:https://koha.lib.tpu.ru/cgi-bin/koha/opac-detail.pl?biblionumber=611180

MARC

LEADER 00000naa2a2200000 4500
001 611180
005 20231101132638.0
035 |a (RuTPU)RU\TPU\conf\8886 
035 |a RU\TPU\conf\8879 
090 |a 611180 
100 |a 20150227d2014 k y0rusy50 ca 
101 0 |a rus 
102 |a RU 
105 |a y z 101zy 
135 |a drcn ---uucaa 
181 0 |a i  
182 0 |a b 
200 1 |a Исследование способа крепления датчика вибрации на постоянный магнит  |f Д. В. Чесноков  |g науч. рук. Н. П. Калиниченко 
203 |a Текст  |c электронный 
225 1 |a Современные технологии в неразрушающем контроле 
230 |a 1 компьютерный файл (pdf; 480 Kb) 
300 |a Заглавие с титульного экрана 
320 |a [Библиогр.: с. 274 (3 назв.)] 
337 |a Adobe Reader 
461 1 |0 (RuTPU)RU\TPU\conf\8514  |t Ресурсоэффективные системы в управлении и контроле: взгляд в будущее  |o сборник научных трудов III Международной конференции школьников, студентов, аспирантов, молодых ученых, 06 - 11 октября 2014 г.  |o в 4 ч.  |f Национальный исследовательский Томский политехнический университет (ТПУ)  |d 2014 
463 0 |0 (RuTPU)RU\TPU\conf\8516  |t Ч. 1  |v [С. 270-274]  |d 2014 
610 1 |a труды учёных ТПУ 
610 1 |a электронный ресурс 
610 1 |a крепления 
610 1 |a датчики 
610 1 |a вибрация 
610 1 |a постоянные магниты 
610 1 |a вибродиагностика 
700 1 |a Чесноков  |b Д. В. 
702 1 |a Калиниченко  |b Н. П.  |c специалист в области неразрушающего контроля  |c доцент Томского политехнического университета, кандидат технических наук  |f 1945-  |g Николай Петрович  |2 stltpush  |4 727 
712 0 2 |a Национальный исследовательский Томский политехнический университет (ТПУ)  |b Институт неразрушающего контроля (ИНК)  |b Кафедра физических методов и приборов контроля качества (ФМПК)  |h 68  |2 stltpush  |3 (RuTPU)RU\TPU\col\18709 
801 2 |a RU  |b 63413507  |c 20150227  |g RCR 
856 4 |u http://www.lib.tpu.ru/fulltext/c/2014/C47/V1/074.pdf 
942 |c BK